| 000 | 00673cam a2200229 4500 | ||
|---|---|---|---|
| 001 | ABS61205 | ||
| 008 | 000000n1999 000 0 eng u | ||
| 035 | _a(Sirsi) u101801 | ||
| 245 | _aRegional survey: Yorkshire offices. | ||
| 260 | _c1999 | ||
| 490 |
_aProperty Week _v64(37) 24 September 1999, 50-68(10) |
||
| 650 | _aLEEDS | ||
| 650 | _aPROPERTY-COMMERCIAL PROPERTY-OFFICE PROPERTY-OFFICE PROPERTY MARKET | ||
| 650 | _aWEST YORKSHIRE | ||
| 650 | _aSOUTH YORKSHIRE | ||
| 650 | _aNORTH YORKSHIRE | ||
| 650 | _aCALL CENTRES | ||
| 650 | _aSHEFFIELD | ||
| 650 | _aYORKSHIRE | ||
| 690 | _aPROPERTY-COMMERCIAL PROPERTY-COMMERCIAL PROPERTY MARKET | ||
| 942 | _n0 | ||
| 999 |
_c60914 _d60914 |
||